[Event "16th FAJR Open"]
[Site "Urmia IRI"]
[Date "2008.02.03"]
[Round "1"]
[White "Atababayev, K."]
[Black "Mahjoob, M."]
[Result "0-1"]
[WhiteElo "1961"]
[BlackElo "2504"]
[PlyCount "54"]
[EventDate "2008.02.03"]
[EventType "swiss"]
[EventRounds "11"]
[EventCountry "IRI"]
[Source "Mark Crowther"]
[SourceDate "2008.02.18"]

1. d4 f5 2. c4 Nf6 3. Nc3 g6 4. Nf3 Bg7 5. g3 O-O 6. Bg2 d6 7. O-O Qe8 8. Re1
Qf7 9. b3 Ne4 10. Bb2 Nc6 11. a3 h6 12. Qd3 Nxc3 13. Qxc3 e5 14. dxe5 dxe5 15.
Rad1 Be6 16. Qc2 a5 17. e3 a4 18. bxa4 Bxc4 19. Nd2 Be6 20. Bxc6 bxc6 21. f4
Bd5 22. Rc1 Rfe8 23. Nc4 exf4 24. Bxg7 Qxg7 25. exf4 Qd4+ 26. Kf1 Rxe1+ 27.
Kxe1 Qg1+ 0-1

[Event "16th FAJR Open"]
[Site "Urmia IRI"]
[Date "2008.02.03"]
[Round "2"]
[White "Tarazooyeadl, M."]
[Black "Pantsulaia, L."]
[Result "1-0"]
[WhiteElo "2140"]
[BlackElo "2629"]
[PlyCount "82"]
[EventDate "2008.02.03"]
[EventType "swiss"]
[EventRounds "11"]
[EventCountry "IRI"]
[Source "Mark Crowther"]
[SourceDate "2008.02.18"]

1. e4 c6 2. d4 d5 3. e5 Bf5 4. Nf3 e6 5. Be2 Nd7 6. O-O Ne7 7. b3 h6 8. Na3 g5
9. c4 Bg7 10. Nc2 Bh7 11. Ba3 Ng6 12. Re1 g4 13. Nd2 h5 14. g3 f5 15. exf6 Qxf6
16. cxd5 cxd5 17. Rc1 Ne7 18. Bb5 a6 19. Bxd7+ Kxd7 20. Bxe7 Qxe7 21. Ne3 Qf6
22. Ndc4 dxc4 23. d5 e5 24. Nxc4 e4 25. d6 Qd4 26. Qe2 Rac8 27. Red1 Qc5 28.
Qd2 Rhf8 29. Ne3 Bc3 30. Rxc3 Qxc3 31. Qd5 Rc6 32. Nc4 e3 33. Ne5+ Kd8 34.
Nxc6+ bxc6 35. Qg5+ Qf6 36. Qxe3 Bf5 37. Qa7 Qf7 38. Qb8+ Kd7 39. Qc7+ Ke6 40.
d7 Bd3 41. Re1+ Kf6 1-0

[Event "16th FAJR Open"]
[Site "Urmia IRI"]
[Date "2008.02.03"]
[Round "2"]
[White "Ghaem Maghami, E."]
[Black "Sadeghi, A."]
[Result "1-0"]
[WhiteElo "2589"]
[BlackElo "2136"]
[PlyCount "73"]
[EventDate "2008.02.03"]
[EventType "swiss"]
[EventRounds "11"]
[EventCountry "IRI"]
[Source "Mark Crowther"]
[SourceDate "2008.02.18"]

1. Nf3 Nf6 2. c4 e6 3. g3 b6 4. Bg2 Bb7 5. O-O Be7 6. d4 d5 7. cxd5 exd5 8. Nc3
O-O 9. Bf4 a6 10. Rc1 Nbd7 11. Ne5 c5 12. Bg5 h6 13. Nxd7 Qxd7 14. Bxf6 Bxf6
15. dxc5 d4 16. Ne4 Bxe4 17. Bxe4 Rae8 18. c6 Qc7 19. Qd3 Re6 20. Bf3 a5 21. a3
h5 22. b4 axb4 23. axb4 h4 24. Kg2 Be5 25. b5 Rd8 26. Ra1 Qe7 27. Ra4 Rh6 28.
Bg4 Qc5 29. Ra7 hxg3 30. hxg3 Bb8 31. Rb7 Rf6 32. Rh1 g6 33. Bf3 Re8 34. Qd2 g5
35. Qd3 Rg6 36. Rd7 Be5 37. Qf5 1-0

[Event "16th FAJR Open"]
[Site "Urmia IRI"]
[Date "2008.02.03"]
[Round "2"]
[White "Zarepisheh, G."]
[Black "Grigoryan, Av"]
[Result "0-1"]
[WhiteElo "2133"]
[BlackElo "2509"]
[PlyCount "58"]
[EventDate "2008.02.03"]
[EventType "swiss"]
[EventRounds "11"]
[EventCountry "IRI"]
[Source "Mark Crowther"]
[SourceDate "2008.02.18"]

1. d4 Nf6 2. c4 g6 3. Nc3 Bg7 4. e4 d6 5. Nf3 O-O 6. Be2 e5 7. O-O Na6 8. d5
Nc5 9. Qc2 a5 10. Re1 Nfd7 11. b3 f5 12. Nd2 Nf6 13. f3 Bh6 14. Bf1 f4 15. Nd1
g5 16. Nf2 c6 17. Be2 Bg7 18. g4 fxg3 19. hxg3 g4 20. fxg4 Qb6 21. Nf1 Nfxe4
22. Nxe4 Nxe4+ 23. c5 Nxc5 24. Ne3 Na6 25. Bc4 Nb4 26. Qe4 Kh8 27. Kg2 cxd5 28.
Bxd5 Nxd5 29. Qxd5 Bd7 0-1

[Event "16th FAJR Open"]
[Site "Urmia IRI"]
[Date "2008.02.03"]
[Round "2"]
[White "Mahjoob, M."]
[Black "Moghaddamian, A."]
[Result "1-0"]
[WhiteElo "2504"]
[BlackElo "2122"]
[PlyCount "63"]
[EventDate "2008.02.03"]
[EventType "swiss"]
[EventRounds "11"]
[EventCountry "IRI"]
[Source "Mark Crowther"]
[SourceDate "2008.02.18"]

1. Nf3 Nc6 2. c4 g6 3. g3 Bg7 4. Bg2 d6 5. Nc3 Nf6 6. d4 O-O 7. O-O Nd7 8. b3
e5 9. dxe5 Ndxe5 10. Bb2 Nxf3+ 11. Bxf3 Re8 12. Qd2 Nd4 13. Bg2 Bg4 14. f3 Bd7
15. e3 Nf5 16. Rfe1 Bc6 17. e4 Nd4 18. Rad1 Qf6 19. Qf2 Ne6 20. Rd2 Qg5 21. b4
b6 22. f4 Qh5 23. Nd5 a5 24. Bxg7 Kxg7 25. f5 gxf5 26. exf5 Bxd5 27. Rxd5 Ng5
28. f6+ Kf8 29. Rxe8+ Rxe8 30. h4 Re2 31. Rxg5 Qxg5 32. hxg5 1-0

[Event "16th FAJR Open"]
[Site "Urmia IRI"]
[Date "2008.02.03"]
[Round "2"]
[White "Mousavi, D."]
[Black "Bagaturov, G."]
[Result "0-1"]
[WhiteElo "2131"]
[BlackElo "2498"]
[PlyCount "64"]
[EventDate "2008.02.03"]
[EventType "swiss"]
[EventRounds "11"]
[EventCountry "IRI"]
[Source "Mark Crowther"]
[SourceDate "2008.02.18"]

1. d4 Nf6 2. c4 e6 3. Nc3 Bb4 4. Qc2 Nc6 5. Nf3 d6 6. e3 O-O 7. Be2 e5 8. d5
Ne7 9. Nd2 c6 10. dxc6 bxc6 11. a3 Ba5 12. b4 Bc7 13. O-O d5 14. Rd1 Bf5 15.
Qb3 Qb8 16. Nf1 Be6 17. Bb2 a5 18. Na4 Bd6 19. c5 Bc7 20. Qc3 Ne4 21. Qe1 Ra7
22. f3 Nf6 23. Bc3 d4 24. exd4 Bb3 25. dxe5 Nfd5 26. Nb2 Bxd1 27. Rxd1 Nxc3 28.
Qxc3 Bxe5 29. Qb3 axb4 30. axb4 Nf5 31. Bc4 Nd4 32. Qe3 Nc2 0-1

[Event "16th FAJR Open"]
[Site "Urmia IRI"]
[Date "2008.02.03"]
[Round "2"]
[White "Malaniuk, V."]
[Black "Eshghi, K."]
[Result "1-0"]
[WhiteElo "2498"]
[BlackElo "2109"]
[PlyCount "55"]
[EventDate "2008.02.03"]
[EventType "swiss"]
[EventRounds "11"]
[EventCountry "IRI"]
[Source "Mark Crowther"]
[SourceDate "2008.02.18"]

1. d4 d5 2. c4 c6 3. e3 Nf6 4. Nf3 e6 5. Bd3 Nbd7 6. O-O dxc4 7. Bxc4 b5 8. Bd3
a6 9. a4 b4 10. e4 c5 11. e5 Nd5 12. Nbd2 cxd4 13. Nb3 Qc7 14. Re1 Nc5 15. Nxc5
Bxc5 16. Bd2 Bb7 17. Rc1 h6 18. Qe2 Qa5 19. Qe4 Rb8 20. Qg4 g5 21. Qh5 Ke7 22.
Rc4 f5 23. exf6+ Nxf6 24. Qg6 Rbg8 25. Qf5 Bd5 26. Rxc5 Qxc5 27. Rxe6+ Kd7 28.
Bxb4 1-0

[Event "16th FAJR Open"]
[Site "Urmia IRI"]
[Date "2008.02.03"]
[Round "2"]
[White "Koohestani, S."]
[Black "Sulashvili, M."]
[Result "1/2-1/2"]
[WhiteElo "2128"]
[BlackElo "2482"]
[PlyCount "75"]
[EventDate "2008.02.03"]
[EventType "swiss"]
[EventRounds "11"]
[EventCountry "IRI"]
[Source "Mark Crowther"]
[SourceDate "2008.02.18"]

1. d4 d5 2. Nf3 Nf6 3. c4 e6 4. Qc2 Be7 5. g3 O-O 6. Bg2 c6 7. O-O Nbd7 8. Nbd2
b6 9. e4 Ba6 10. Re1 Rc8 11. b3 c5 12. e5 Ne8 13. Bb2 cxd4 14. Nxd4 b5 15. Rac1
Nb6 16. c5 Bxc5 17. Qd3 g6 18. a4 Qd7 19. axb5 Bb7 20. Rxc5 Rxc5 21. Ba3 Rc7
22. Ra1 Ba8 23. Qe3 Qc8 24. Bxf8 Rc1+ 25. Rxc1 Qxc1+ 26. Nf1 Qxe3 27. Nxe3 Kxf8
28. Nec2 Ke7 29. Nb4 Nc8 30. f4 Kd7 31. Na6 Ne7 32. g4 Bb7 33. Nc5+ Kc7 34. Kf2
Ng7 35. Kg3 h6 36. h3 Bc8 37. b4 Bd7 38. Bf1 1/2-1/2

[Event "16th FAJR Open"]
[Site "Urmia IRI"]
[Date "2008.02.03"]
[Round "2"]
[White "Allahverdiev, A."]
[Black "Baradarani, B."]
[Result "1-0"]
[WhiteElo "2463"]
[BlackElo "2103"]
[PlyCount "44"]
[EventDate "2008.02.03"]
[EventType "swiss"]
[EventRounds "11"]
[EventCountry "IRI"]
[Source "Mark Crowther"]
[SourceDate "2008.02.18"]

1. c4 Nf6 2. Nf3 g6 3. g3 Bg7 4. Bg2 O-O 5. O-O d6 6. Nc3 e5 7. d3 h6 8. Bd2
Nc6 9. Ne1 Bd7 10. f4 Rb8 11. e4 Nd4 12. Nf3 Nxf3+ 13. Qxf3 Bg4 14. Qf2 b6 15.
f5 gxf5 16. exf5 b5 17. cxb5 d5 18. h3 e4 19. dxe4 d4 20. Nd5 Nxe4 21. Bxe4
Bxh3 22. f6 Bxf6 1-0

[Event "16th FAJR Open"]
[Site "Urmia IRI"]
[Date "2008.02.03"]
[Round "2"]
[White "Ghane, S."]
[Black "Asadi, Sad"]
[Result "1-0"]
[WhiteElo "2442"]
[BlackElo "2098"]
[PlyCount "49"]
[EventDate "2008.02.03"]
[EventType "swiss"]
[EventRounds "11"]
[EventCountry "IRI"]
[Source "Mark Crowther"]
[SourceDate "2008.02.18"]

1. d4 Nf6 2. Nf3 b6 3. c4 Bb7 4. Nc3 e6 5. Bg5 Be7 6. Qc2 d5 7. e3 O-O 8. cxd5
Nxd5 9. Nxd5 Bxd5 10. Bxe7 Qxe7 11. Bd3 f5 12. O-O Nc6 13. a3 Qf6 14. Bb5 Ne7
15. Qxc7 f4 16. Qe5 Qf7 17. e4 Ng6 18. Qh5 Rfd8 19. Ng5 Qf6 20. Nxh7 Qf7 21.
Ng5 Qf6 22. e5 Qf5 23. g4 fxg3 24. Qh7+ Kf8 25. fxg3 1-0

[Event "16th FAJR Open"]
[Site "Urmia IRI"]
[Date "2008.02.03"]
[Round "2"]
[White "Pourramezanali, A."]
[Black "Harutjunyan, G."]
[Result "0-1"]
[WhiteElo "2108"]
[BlackElo "2423"]
[PlyCount "50"]
[EventDate "2008.02.03"]
[EventType "swiss"]
[EventRounds "11"]
[EventCountry "IRI"]
[Source "Mark Crowther"]
[SourceDate "2008.02.18"]

1. e4 c6 2. d4 d5 3. f3 e6 4. Nc3 Bb4 5. e5 c5 6. a3 Ba5 7. b4 cxd4 8. Nb5 Bc7
9. Qxd4 Nc6 10. Nxc7+ Qxc7 11. Bb5 Bd7 12. Bxc6 Qxc6 13. Be3 Qxc2 14. Ne2 Bb5
15. Nc3 Bc4 16. Rc1 Qxg2 17. Rg1 Qxh2 18. Rxg7 Ne7 19. Qg4 Qxe5 20. Ne4 h5 21.
Qg1 dxe4 22. Bd4 Qd5 23. Rxf7 O-O-O 24. Bc3 Qd3 25. Qf2 e3 0-1

[Event "16th FAJR Open"]
[Site "Urmia IRI"]
[Date "2008.02.03"]
[Round "2"]
[White "Sharbaf, M."]
[Black "Hicks, R."]
[Result "1-0"]
[WhiteElo "2407"]
[BlackElo "2051"]
[PlyCount "45"]
[EventDate "2008.02.03"]
[EventType "swiss"]
[EventRounds "11"]
[EventCountry "IRI"]
[Source "Mark Crowther"]
[SourceDate "2008.02.18"]

1. d4 d5 2. Nf3 Nf6 3. Nc3 Bf5 4. Bf4 e6 5. e3 Bd6 6. Ne5 O-O 7. g4 Bxe5 8.
dxe5 Nxg4 9. Be2 Nh6 10. Rg1 Kh8 11. Bg5 Qd7 12. Qd2 Nc6 13. e4 Bg6 14. h4 Qe8
15. Bxh6 gxh6 16. h5 Kg7 17. hxg6 hxg6 18. Qf4 Qe7 19. exd5 exd5 20. Qf6+ Qxf6
21. exf6+ Kxf6 22. Nxd5+ Ke5 23. O-O-O 1-0

[Event "16th FAJR Open"]
[Site "Urmia IRI"]
[Date "2008.02.03"]
[Round "2"]
[White "Mas, H."]
[Black "Sedghi, B."]
[Result "1-0"]
[WhiteElo "2382"]
[BlackElo "2048"]
[PlyCount "45"]
[EventDate "2008.02.03"]
[EventType "swiss"]
[EventRounds "11"]
[EventCountry "IRI"]
[Source "Mark Crowther"]
[SourceDate "2008.02.18"]

1. e4 c6 2. Nc3 d5 3. Nf3 dxe4 4. Nxe4 Nd7 5. Bc4 e6 6. Qe2 Be7 7. d4 Ngf6 8.
Neg5 Nb6 9. Bb3 O-O 10. O-O h6 11. Ne4 Nbd7 12. c3 c5 13. Rd1 Qc7 14. Bc2 b6
15. dxc5 Bxc5 16. Nxc5 Qxc5 17. Bf4 Nd5 18. Bg3 N7f6 19. Rd4 b5 20. a4 Bb7 21.
axb5 Rfc8 22. Be5 Ng4 23. Rxg4 1-0

[Event "16th FAJR Open"]
[Site "Urmia IRI"]
[Date "2008.02.03"]
[Round "2"]
[White "Moosavian, S."]
[Black "Tabasi, M."]
[Result "1-0"]
[WhiteElo "2349"]
[BlackElo "2034"]
[PlyCount "33"]
[EventDate "2008.02.03"]
[EventType "swiss"]
[EventRounds "11"]
[EventCountry "IRI"]
[Source "Mark Crowther"]
[SourceDate "2008.02.18"]

1. e4 e5 2. Bc4 Nf6 3. d3 Be7 4. Nf3 d6 5. c3 Nc6 6. Bb3 O-O 7. Nbd2 d5 8. Qe2
Bc5 9. h3 d4 10. Nf1 Qd6 11. Ng3 dxc3 12. bxc3 b5 13. O-O a5 14. d4 Bb6 15. Rd1
Qe7 16. Qxb5 Bd7 17. dxe5 1-0

[Event "16th FAJR Open"]
[Site "Urmia IRI"]
[Date "2008.02.03"]
[Round "2"]
[White "Akbarinia, S."]
[Black "Javanmanesh, M."]
[Result "1-0"]
[WhiteElo "2300"]
[BlackElo "2003"]
[PlyCount "40"]
[EventDate "2008.02.03"]
[EventType "swiss"]
[EventRounds "11"]
[EventCountry "IRI"]
[Source "Mark Crowther"]
[SourceDate "2008.02.18"]

1. d4 d5 2. Nf3 Nf6 3. c4 c6 4. Qc2 e6 5. Nbd2 Nbd7 6. g3 Bd6 7. Bg2 O-O 8. O-O
Re8 9. Rd1 a6 10. e4 Nxe4 11. Nxe4 dxe4 12. Qxe4 Nf6 13. Qc2 Qa5 14. c5 Be7 15.
Bg5 Bd7 16. Ne5 Rad8 17. Nc4 Qc7 18. Bf4 Qxf4 19. gxf4 Nd5 20. Bxd5 exd5 1-0

[Event "16th FAJR Open"]
[Site "Urmia IRI"]
[Date "2008.02.03"]
[Round "2"]
[White "Momeni, E."]
[Black "Torkamannejad, J."]
[Result "1-0"]
[WhiteElo "2263"]
[BlackElo "1953"]
[PlyCount "37"]
[EventDate "2008.02.03"]
[EventType "swiss"]
[EventRounds "11"]
[EventCountry "IRI"]
[Source "Mark Crowther"]
[SourceDate "2008.02.18"]

1. d4 Nf6 2. Nf3 e6 3. c4 b6 4. g3 Bb7 5. Bg2 Be7 6. O-O O-O 7. d5 d6 8. Nc3 e5
9. e4 Ne8 10. Ne1 Nd7 11. Nd3 g6 12. Bh6 Ng7 13. f4 exf4 14. gxf4 Bf6 15. Qd2
Re8 16. Rae1 c6 17. e5 cxd5 18. exf6 Nf5 19. Bg7 1-0

[Event "16th FAJR Open"]
[Site "Urmia IRI"]
[Date "2008.02.03"]
[Round "2"]
[White "Shanava, K."]
[Black "Mamedov, Z."]
[Result "1-0"]
[WhiteElo "2521"]
[BlackElo "2130"]
[PlyCount "73"]
[EventDate "2008.02.03"]
[EventType "swiss"]
[EventRounds "11"]
[EventCountry "IRI"]
[Source "Mark Crowther"]
[SourceDate "2008.02.18"]

1. e4 c6 2. d4 d5 3. exd5 cxd5 4. c4 Nf6 5. Nc3 e6 6. Nf3 Nc6 7. cxd5 Nxd5 8.
Bd3 Be7 9. O-O O-O 10. Re1 Bf6 11. Be4 b6 12. Nxd5 exd5 13. Bxh7+ Kxh7 14. Qc2+
Kg8 15. Qxc6 Bg4 16. Ne5 Rc8 17. Qa4 Bxe5 18. dxe5 Qd7 19. Qxd7 Bxd7 20. Be3
Rc2 21. Bd4 Rfc8 22. Bc3 Rc4 23. Rac1 Rxc1 24. Rxc1 d4 25. Bd2 Rxc1+ 26. Bxc1
Kf8 27. f4 Ke7 28. Kf2 Ke6 29. g4 Kd5 30. Kf3 Kc4 31. f5 Kd3 32. h4 Bc6+ 33.
Kf4 Kc2 34. Be3 dxe3 35. Kxe3 Kxb2 36. h5 Ba4 37. g5 1-0

[Event "16th FAJR Open"]
[Site "Urmia IRI"]
[Date "2008.02.04"]
[Round "3"]
[White "Sadatnajafi, M."]
[Black "Shanava, K."]
[Result "1-0"]
[WhiteElo "2256"]
[BlackElo "2521"]
[PlyCount "57"]
[EventDate "2008.02.03"]
[EventType "swiss"]
[EventRounds "11"]
[EventCountry "IRI"]
[Source "Mark Crowther"]
[SourceDate "2008.02.18"]

1. e4 c5 2. Nf3 d6 3. d4 cxd4 4. Nxd4 Nf6 5. Nc3 g6 6. Be3 Bg7 7. f3 a6 8. Qd2
Nbd7 9. O-O-O b5 10. g4 Bb7 11. g5 Nh5 12. Nce2 Nb6 13. Ng3 Nxg3 14. hxg3 d5
15. Qf2 Na4 16. Bh3 e5 17. Nb3 d4 18. Kb1 b4 19. Nxd4 exd4 20. Bxd4 Bxd4 21.
Rxd4 Qa5 22. Bd7+ Ke7 23. Qe3 Kf8 24. Qf4 Nc5 25. Qe5 Kg8 26. Be8 Rc8 27. Bxf7+
Kxf7 28. Qf6+ Kg8 29. Rhd1 1-0

[Event "16th FAJR Open"]
[Site "Urmia IRI"]
[Date "2008.02.04"]
[Round "3"]
[White "Ryahi, N."]
[Black "Ghane, S."]
[Result "0-1"]
[WhiteElo "2215"]
[BlackElo "2442"]
[PlyCount "54"]
[EventDate "2008.02.03"]
[EventType "swiss"]
[EventRounds "11"]
[EventCountry "IRI"]
[Source "Mark Crowther"]
[SourceDate "2008.02.18"]

1. d4 e6 2. Nf3 d5 3. Bf4 c5 4. e3 Qb6 5. Nc3 Nf6 6. Nb5 Na6 7. Ne5 c4 8. a4
Bd7 9. Nxd7 Kxd7 10. c3 Be7 11. b3 Rhc8 12. bxc4 dxc4 13. Be2 Nb8 14. d5 exd5
15. e4 a6 16. e5 axb5 17. exf6 Bxf6 18. Bg4+ Ke7 19. Bxc8 Bxc3+ 20. Bd2 Bxa1
21. Qxa1 Nc6 22. Qa3+ b4 23. Qh3 Qc7 24. Bg4 Qe5+ 25. Kf1 Rxa4 26. g3 Qe4 27.
f3 Qd3+ 0-1

[Event "16th FAJR Open"]
[Site "Urmia IRI"]
[Date "2008.02.04"]
[Round "3"]
[White "Beheshtayeen, A."]
[Black "Simonian, H."]
[Result "1/2-1/2"]
[WhiteElo "2200"]
[BlackElo "2435"]
[PlyCount "53"]
[EventDate "2008.02.03"]
[EventType "swiss"]
[EventRounds "11"]
[EventCountry "IRI"]
[Source "Mark Crowther"]
[SourceDate "2008.02.18"]

1. d4 Nf6 2. c4 b6 3. Nc3 Bb7 4. Qc2 d5 5. cxd5 Nxd5 6. e4 Nxc3 7. bxc3 e6 8.
Nf3 Be7 9. Bd3 c5 10. O-O cxd4 11. cxd4 O-O 12. Bb2 Nc6 13. a3 Rc8 14. Qe2 Bf6
15. Qe3 Na5 16. Rac1 Qd7 17. Rfd1 Rfd8 18. h4 Rxc1 19. Rxc1 Rc8 20. h5 Rxc1+
21. Qxc1 Qc6 22. Qf4 h6 23. d5 exd5 24. exd5 Qxd5 25. Bxf6 gxf6 26. Bf5 Nc4 27.
Qg3+ 1/2-1/2

[Event "16th FAJR Open"]
[Site "Urmia IRI"]
[Date "2008.02.04"]
[Round "3"]
[White "Khalesi, V."]
[Black "Morchiashvili, B."]
[Result "1-0"]
[WhiteElo "2188"]
[BlackElo "2434"]
[PlyCount "79"]
[EventDate "2008.02.03"]
[EventType "swiss"]
[EventRounds "11"]
[EventCountry "IRI"]
[Source "Mark Crowther"]
[SourceDate "2008.02.18"]

1. e4 c6 2. d4 d5 3. Nc3 dxe4 4. Nxe4 Bf5 5. Ng3 Bg6 6. h4 h6 7. Nf3 Nd7 8. h5
Bh7 9. Bd3 Bxd3 10. Qxd3 e6 11. Bf4 Ngf6 12. O-O-O Be7 13. Kb1 O-O 14. Ne4 Nxe4
15. Qxe4 Nf6 16. Qe2 Qd5 17. Ne5 Qe4 18. Qxe4 Nxe4 19. Rhe1 Nf6 20. g4 a5 21.
a4 Rfc8 22. c4 Bd6 23. Rg1 b5 24. g5 Nxh5 25. gxh6 Kh7 26. hxg7 Nxf4 27. Nxf7
Bc7 28. Rg4 Ng6 29. Rdg1 Kxg7 30. Ne5 Bxe5 31. dxe5 Rf8 32. Rxg6+ Kf7 33. Rf6+
Ke8 34. Rxe6+ Kd7 35. Rd6+ Kc7 36. Rg7+ Kb6 37. cxb5 Rac8 38. bxc6 Rxc6 39.
Rgg6 Rxd6 40. Rxd6+ 1-0

[Event "16th FAJR Open"]
[Site "Urmia IRI"]
[Date "2008.02.04"]
[Round "3"]
[White "Harutjunyan, G."]
[Black "Alizadeh, G."]
[Result "1-0"]
[WhiteElo "2423"]
[BlackElo "2177"]
[PlyCount "61"]
[EventDate "2008.02.03"]
[EventType "swiss"]
[EventRounds "11"]
[EventCountry "IRI"]
[Source "Mark Crowther"]
[SourceDate "2008.02.18"]

1. e4 c5 2. Nf3 Nc6 3. Bb5 g6 4. O-O Bg7 5. c3 Nf6 6. Re1 O-O 7. d4 d5 8. e5
Ne4 9. Bxc6 bxc6 10. Nbd2 Nxd2 11. Bxd2 cxd4 12. cxd4 Qb6 13. Qa4 Bg4 14. Ba5
Qa6 15. Nd2 Rab8 16. Qa3 Qb5 17. Nb3 Rfc8 18. Qxe7 Bf8 19. Qh4 Bf5 20. Bc3 Qa4
21. Qg3 Rd8 22. h3 Bc2 23. Nd2 c5 24. b3 Qa6 25. dxc5 d4 26. Bb2 Bxc5 27. Rac1
d3 28. e6 Ba3 29. exf7+ Kf8 30. Qe5 Bxb2 31. Qe7+ 1-0

[Event "16th FAJR Open"]
[Site "Urmia IRI"]
[Date "2008.02.04"]
[Round "3"]
[White "Kaboodi, B."]
[Black "Sharbaf, M."]
[Result "0-1"]
[WhiteElo "2174"]
[BlackElo "2407"]
[PlyCount "78"]
[EventDate "2008.02.03"]
[EventType "swiss"]
[EventRounds "11"]
[EventCountry "IRI"]
[Source "Mark Crowther"]
[SourceDate "2008.02.18"]

1. e4 c6 2. Nc3 d5 3. Nf3 dxe4 4. Nxe4 Bf5 5. Ng3 Bg4 6. Be2 Nd7 7. d4 Qc7 8.
h3 Bxf3 9. Bxf3 e6 10. O-O Ngf6 11. Re1 O-O-O 12. c4 Bd6 13. Ne4 Nxe4 14. Bxe4
Nf6 15. Bf3 Bf4 16. Be3 g5 17. d5 Bxe3 18. Rxe3 Kb8 19. Qd4 Qf4 20. Qxf4+ gxf4
21. Re5 cxd5 22. cxd5 Nxd5 23. Bxd5 Rxd5 24. Rxd5 exd5 25. Rd1 Rc8 26. Rxd5
Rc1+ 27. Kh2 Rc2 28. Kg1 Rxb2 29. Rf5 Rxa2 30. Rxf4 a5 31. Rxf7 a4 32. g4 a3
33. Rf3 Ra1+ 34. Kg2 a2 35. Ra3 b5 36. Kf3 b4 37. Ra4 b3 38. Rb4+ Kc7 39. Rxb3
Rh1 0-1

[Event "16th FAJR Open"]
[Site "Urmia IRI"]
[Date "2008.02.04"]
[Round "3"]
[White "Kuparadze, G."]
[Black "Abedi, Ab"]
[Result "1-0"]
[WhiteElo "2407"]
[BlackElo "2161"]
[PlyCount "51"]
[EventDate "2008.02.03"]
[EventType "swiss"]
[EventRounds "11"]
[EventCountry "IRI"]
[Source "Mark Crowther"]
[SourceDate "2008.02.18"]

1. e4 c5 2. Nf3 e6 3. d4 cxd4 4. Nxd4 a6 5. Nc3 Qc7 6. Be2 Nf6 7. O-O d6 8. Be3
Be7 9. f4 Nbd7 10. Kh1 b5 11. Bf3 Bb7 12. a3 O-O 13. Nde2 Nc5 14. Ng3 Rad8 15.
Qe2 d5 16. e5 d4 17. Bxb7 Qxb7 18. exf6 Bxf6 19. Nce4 dxe3 20. Nxf6+ gxf6 21.
Nh5 f5 22. Qxe3 Kh8 23. Nf6 Qe7 24. Qe5 Qd6 25. Qe1 Kg7 26. Qg3+ 1-0

[Event "16th FAJR Open"]
[Site "Urmia IRI"]
[Date "2008.02.04"]
[Round "3"]
[White "Mahmoody, M."]
[Black "Mas, H."]
[Result "0-1"]
[WhiteElo "2154"]
[BlackElo "2382"]
[PlyCount "92"]
[EventDate "2008.02.03"]
[EventType "swiss"]
[EventRounds "11"]
[EventCountry "IRI"]
[Source "Mark Crowther"]
[SourceDate "2008.02.18"]

1. c4 e5 2. Nc3 Nf6 3. Nf3 Nc6 4. e4 Bc5 5. Bd3 d6 6. Bc2 Bg4 7. h3 Bxf3 8.
Qxf3 Nd4 9. Qd1 c6 10. O-O h6 11. Na4 a5 12. Nxc5 dxc5 13. d3 g5 14. Be3 Qd7
15. Qd2 b6 16. Ba4 Rc8 17. a3 Rg8 18. f3 Nh5 19. Rf2 Nf4 20. Bxd4 Qxd4 21. Rd1
h5 22. Kh2 g4 23. fxg4 hxg4 24. g3 Nxh3 25. Rf6 Ng5 26. Kg2 b5 27. Bb3 Nf3 28.
Qf2 Qxf2+ 29. Kxf2 Ke7 30. Rh6 Nd4 31. Ba2 b4 32. Rh5 Ke6 33. axb4 cxb4 34. b3
Ra8 35. c5 Rh8 36. Rhh1 a4 37. bxa4+ b3 38. Bb1 Rxh1 39. Rxh1 Rxa4 40. Ke3 Ra5
41. Rc1 Ra1 42. Kd2 Nb5 43. d4 exd4 44. Bd3 b2 45. Rb1 Rxb1 46. Bxb1 Na3 0-1

[Event "16th FAJR Open"]
[Site "Urmia IRI"]
[Date "2008.02.04"]
[Round "3"]
[White "Ashtiani, M."]
[Black "Moosavian, S."]
[Result "0-1"]
[WhiteElo "2131"]
[BlackElo "2349"]
[PlyCount "46"]
[EventDate "2008.02.03"]
[EventType "swiss"]
[EventRounds "11"]
[EventCountry "IRI"]
[Source "Mark Crowther"]
[SourceDate "2008.02.18"]

1. d4 e6 2. Nf3 f5 3. c4 Nf6 4. Nc3 d5 5. Bf4 c6 6. e3 Be7 7. Be2 O-O 8. h3 b6
9. Bxb8 Rxb8 10. Qa4 Qc7 11. O-O Bd6 12. b4 dxc4 13. b5 a6 14. Qxc4 axb5 15.
Qb3 Ra8 16. Rfc1 Qe7 17. a4 b4 18. Na2 c5 19. Bc4 Bd7 20. Qd3 Rxa4 21. Qxf5 b3
22. Bxb3 c4 23. Bxa4 exf5 0-1

[Event "16th FAJR Open"]
[Site "Urmia IRI"]
[Date "2008.02.04"]
[Round "3"]
[White "Taavoni, R."]
[Black "Akbarinia, S."]
[Result "0-1"]
[WhiteElo "2026"]
[BlackElo "2300"]
[PlyCount "74"]
[EventDate "2008.02.03"]
[EventType "swiss"]
[EventRounds "11"]
[EventCountry "IRI"]
[Source "Mark Crowther"]
[SourceDate "2008.02.18"]

1. d4 d5 2. c4 e6 3. Nc3 Be7 4. Nf3 Nf6 5. Bg5 O-O 6. e3 b6 7. cxd5 exd5 8. Bd3
h6 9. Bh4 Bg4 10. h3 Be6 11. O-O c5 12. Rc1 Nbd7 13. Bb1 Re8 14. Qc2 Qb8 15.
Rfd1 c4 16. Bg3 Bd6 17. Bxd6 Qxd6 18. e4 Nxe4 19. Nxe4 dxe4 20. Qxe4 Nf6 21.
Qh4 Bd5 22. Ne5 b5 23. Rc3 Nd7 24. Nxd7 Qxd7 25. Rg3 Kh8 26. Qh5 Re7 27. Rg5
Rd8 28. Re5 a6 29. Rde1 Rxe5 30. Qxe5 Bc6 31. Rd1 Re8 32. Bf5 Qd8 33. Qg3 Bd5
34. Bg4 Qf6 35. Qc3 g6 36. Rd2 Re1+ 37. Kh2 Qf4+ 0-1

[Event "16th FAJR Open"]
[Site "Urmia IRI"]
[Date "2008.02.04"]
[Round "3"]
[White "Hosseinzadeh, M."]
[Black "Shamsi, M."]
[Result "0-1"]
[WhiteElo "1983"]
[BlackElo "2145"]
[PlyCount "46"]
[EventDate "2008.02.03"]
[EventType "swiss"]
[EventRounds "11"]
[EventCountry "IRI"]
[Source "Mark Crowther"]
[SourceDate "2008.02.18"]

1. e4 c5 2. Nf3 d6 3. d4 cxd4 4. Nxd4 Nf6 5. Nc3 a6 6. Bg5 e6 7. f4 Nbd7 8. Qf3
Qc7 9. O-O-O b5 10. Bxf6 Nxf6 11. e5 Bb7 12. Qg3 dxe5 13. fxe5 Nd7 14. Re1 Bb4
15. Qxg7 Bxc3 16. bxc3 Qxc3 17. Bxb5 Qa1+ 18. Kd2 Qxd4+ 19. Bd3 O-O-O 20. Qxf7
Nc5 21. Rb1 Rhf8 22. Rxb7 Rxf7 23. Rxf7 Nxd3 0-1